000 00823nam a2200241 i 4500
001 14512
003 ES-MaACL
005 20250819000703.0
007 t|
008 981124s1997 sp ||||0| spa j
020 _a84-7914-319-3
040 _aM-BN
_bspa
_cM-BN
080 _a222/224.06
100 1 _aGarcía Trapiello, J.
_955340
245 1 3 _aLa autoridad política en la Biblia
_b: origen y desarrollo en el Antiguo Testamento /
_cpor Jesús García Trapiello.
260 _aMadrid :
_bBiblioteca de Autores Cristianos,
_c1997.
300 _a282 p. ;
_c20 cm.
490 1 _aBiblioteca de autores cristianos ;
_v579
630 0 4 _aBiblia.
_pA. T.-
_xCrítica e interpretación
_9119250
830 0 0 _aBiblioteca de autores cristianos
_v579
_9178679
852 _aES-MaACL
_jJ-566
_bR.46092
999 _c14512
_d14512